| 000 | 00720nam a22002292 4500 | ||
|---|---|---|---|
| 001 | 0000024383 | ||
| 005 | 20151217152301.0 | ||
| 008 | 130910s xx 000 0 eng d | ||
| 020 | _a1437717297 : | ||
| 040 |
_aKABU _cKABU |
||
| 100 | 1 |
_aBird, Doni L. _@0000184428 |
|
| 245 | 1 | 0 |
_aModern dental assisting / _cDoni L. Bird, Debbie S. Robinson. |
| 250 | _a10th ed. | ||
| 260 |
_aSt. Louis, Missouri : _bElsevier, _c2012. |
||
| 300 |
_axxxii, 1184 p. ; _c cm. + _e1 CD ROM. |
||
| 650 | 0 |
_aDental assistants. _@0000184429 |
|
| 650 | 0 |
_aDental care. _@0000184430 |
|
| 700 | 1 |
_aRobinson, Debbie S. _@0000184431 |
|
| 852 | 1 | _9p8811 KES | |
| 908 | _a130910 | ||
| 950 | _@1 | ||
| 999 |
_c10247 _d10247 |
||